000 00413nam a2200157Ia 4500
008 210210b1996 xxu||||| |||| 00| 0 eng d
020 _a0 14 025984 8
082 _a307.72 SAIE
100 _aSAINATH (P).
245 _aEverybody loves a good drought.
260 _aN D
_bPenguin Books
_c1996
300 _axiii,470
650 _aDrought Poorest Districts India
690 _aRural Sociology
906 _a055973
999 _c103115
_d103115